000 00501nam a2200169Ia 4500
003 IN-BaIIA
008 211028s9999 xx 000 0 eng d
040 _cIIA Library
080 _a524.83
_bTHE
245 4 _aThe nature of time
_cedited by T. Gold
260 _aNew York
_bCornell University Press
_c1977
300 _axiv, 248p.
650 _aAstronomy and astrophysics thesaurus
650 _aCosmology
700 _aGold, T., ed
_95890
942 _cBK
999 _c3309
_d3309